Normal view
MARC view
- Evangelou, V. P.
Entry Personal Name
001 - CONTROL NUMBER
- control field: 6516
003 - CONTROL NUMBER IDENTIFIER
- control field: NUST
005 - DATE AND TIME OF LATEST TRANSACTION
- control field: 20171117144319.0
008 - FIXED-LENGTH DATA ELEMENTS
- fixed length control field: 171117|| aca||aabn | a|a d
040 ## - CATALOGING SOURCE
- Original cataloging agency: NUST
- Transcribing agency: NUST
100 ## - HEADING--PERSONAL NAME
- Personal name: Evangelou, V. P.
670 ## - SOURCE DATA FOUND
- Source citation: Work cat.: (NUST)0: Evangelou, V. P., Environmental soil and water chemistry :, c1998.
